| 000 | 00939nam a22002415i 4500 | ||
|---|---|---|---|
| 001 | 154094 | ||
| 003 | ES-MaACL | ||
| 005 | 20250714063113.0 | ||
| 008 | 050809s1788 it | |||||||| ||ita d | ||
| 040 |
_aCAM _bspa _cCAM |
||
| 100 | 1 |
_aFilangieri, Gaetano, _d1752-1788 _eaut _950821 |
|
| 245 | 1 | 3 |
_aLa scienza della legislazione. _bTomo V / _cdel cavalier Gaetano Filangieri. |
| 250 | _aPrima edizione siciliana. | ||
| 260 |
_a[Catania] : _bNelle Stampe della'Acc. Etnea, presso Francesco Patoe [sic], _c1788. |
||
| 300 |
_a[2], 346 páginas, [2] en blanco ; _c8º. |
||
| 594 | _aMención de responsabilidad y de edición preceden a mención de parte | ||
| 596 | _aMarca tip. de Giovanni Riscica de Catania en port. | ||
| 597 | _aSign.: []1, A-X8, Y6. | ||
| 650 | 4 |
_aLegislación. _9136347 |
|
| 852 |
_aES-MaACL _cDEPO _dOlim: G-13474-79 _jR-1456-61 _xHolandesa |
||
| 942 |
_2udc _cMONANT _n0 |
||
| 999 |
_c154094 _d154094 |
||